[Event "NZL-ch U18 op"]
[Site "Wellington"]
[Date "2023.01.06"]
[Round "4"]
[White "Zhang, Yaoyuan"]
[Black "Li, Bill"]
[Result "1/2-1/2"]
[WhiteElo "1515"]
[BlackElo "1384"]
[PlyCount "76"]
[EventDate "2023.01.02"]
[EventType "swiss"]
[EventRounds "7"]
[EventCountry "NZL"]
[SourceTitle "CBM 212 Extra"]
[Source "ChessBase"]
[SourceDate "2023.03.31"]
[SourceVersion "1"]
[SourceVersionDate "2023.03.31"]
[SourceQuality "1"]

1. d4 Nf6 2. c4 e6 3. Nc3 Bb4 4. Bd2 Nc6 5. e3 d5 6. Nf3 0-0 7. Bd3 dxc4 8. Bxc4 b6 9. a3 Bxc3 10. Bxc3 Bb7 11. Rc1 Ne7 12. 0-0 Rc8 13. b4 Ned5 14. Bd3 Nxc3 15. Rxc3 Be4 16. Bxe4 Nxe4 17. Rc2 c5 18. bxc5 bxc5 19. Qd3 Qd5 20. Rfc1 Ra8 21. Qc4 cxd4 22. Qxd5 exd5 23. Nxd4 Rfe8 24. f3 Nf6 25. Kf2 Rab8 26. Rc7 Rb2+ 27. R1c2 Rxc2+ 28. Rxc2 Kf8 29. Rc7 Ra8 30. Nc6 a6 31. Ke2 Ne8 32. Rd7 Nf6 33. Ra7 Rxa7 34. Nxa7 Ne8 35. Nc6 Nc7 36. a4 Ke8 37. Kd3 Kd7 38. Nb4 Kd6 1/2-1/2